000 00899nam a2200217 a 4500
001 BRCA_2213
005 20190320203722.0
008 930414s1992 mx-a---##b---#000-0#spa-#
040 _aDLC
_cDLC
_dDLC
050 4 _aN7355.5
_b.S54 1992
245 1 0 _aSiete artistas
_bfacetas del arte contemporáneo japonés
_c[text of catalog by Chu Enoki ... et al. ; coordinación general, Kazuo Yamawaki].
260 _a[México]
_bMuseo Rufino Tamayo
_c1992.
300 _a92 p.
_bil. (algunas a color)
_c26 cm.
500 _aCatálogo de la exposición realizada en el Museo Rufino Tamayo, (Ciudad de México) 14 noviembre, 1991 - 2 Febrero, 1992
504 _aIncluye referencias bibliográficas
650 1 4 _aArte conceptual
_vExposiciones.
_zJapón
_96663
650 1 4 _aArte japonés
_vExposiciones.
_ySiglo XX
_93915
700 1 _aEnoki, Chu
_d1944-
_96664
700 1 _aYamawaki, Kazuo
_96665
942 _2lcc
_cB
999 _c1969
_d1969